000 00279nam a22001217a 4500
041 _aENG
100 _aHusain .A
245 _aFundamentals Of Electrical Engineering
260 _aDelhi
_bDhanpat Rai & Co. ( Pvt ) Ltd
_c1997
300 _a687
650 _aEOES
856 _uEOES
999 _c512
_d512